Urban infrastructure development in small and medium towns / (Record no. 548829)
[ view plain ]
| 000 -LEADER | |
|---|---|
| fixed length control field | 00785cam a2200205 a 4500 |
| 020 ## - INTERNATIONAL STANDARD BOOK NUMBER | |
| International Standard Book Number | 8176295248 |
| 082 ## - DEWEY DECIMAL CLASSIFICATION NUMBER | |
| Classification number | 711.4 |
| Author Mark | DHA |
| -- | N-01,P-95 |
| 100 1# - MAIN ENTRY--PERSONAL NAME | |
| Personal name | Dhaliwal, S. S. |
| 9 (RLIN) | 45260 |
| 245 10 - TITLE STATEMENT | |
| Title | Urban infrastructure development in small and medium towns / |
| Statement of responsibility, etc. | S.S. Dhaliwal. |
| 260 ## - PUBLICATION, DISTRIBUTION, ETC. | |
| Place of publication, distribution, etc. | New Delhi : |
| Name of publisher, distributor, etc. | Deep & Deep Publications, |
| Date of publication, distribution, etc. | c2004. |
| 300 ## - PHYSICAL DESCRIPTION | |
| Extent | xvii, 226 p. : |
| Other physical details | ill. ; |
| Dimensions | 24 cm. |
| 520 ## - SUMMARY, ETC. | |
| Summary, etc. | On the status of infrastructure (economics) with reference to urbanizing small and medium towns of India. |
| 526 ## - STUDY PROGRAM INFORMATION NOTE | |
| Program name | 0 |
| Interest level | 0 |
| Reading level | 0 |
| Title point value | 711_400000000000000_DHA |
| 650 #0 - SUBJECT ADDED ENTRY--TOPICAL TERM | |
| Topical term or geographic name entry element | Cities and towns |
| Geographic subdivision | India |
| General subdivision | Growth. |
| 9 (RLIN) | 45261 |
| 650 #0 - SUBJECT ADDED ENTRY--TOPICAL TERM | |
| Topical term or geographic name entry element | Infrastructure (Economics) |
| Geographic subdivision | India. |
| 9 (RLIN) | 45262 |
| 650 #0 - SUBJECT ADDED ENTRY--TOPICAL TERM | |
| Topical term or geographic name entry element | MCE |
| 9 (RLIN) | 379 |
| 650 #0 - SUBJECT ADDED ENTRY--TOPICAL TERM | |
| Topical term or geographic name entry element | Urban poor |
| Geographic subdivision | India. |
| 9 (RLIN) | 45263 |
| 650 #0 - SUBJECT ADDED ENTRY--TOPICAL TERM | |
| Topical term or geographic name entry element | Urbanization |
| Geographic subdivision | India. |
| 9 (RLIN) | 45264 |
| 942 ## - ADDED ENTRY ELEMENTS (KOHA) | |
| Source of classification or shelving scheme | |
| Koha item type | Book |
| Withdrawn status | Lost status | Source of classification or shelving scheme | Damaged status | Not for loan | Permanent Location | Current Location | Date acquired | Total Checkouts | Full call number | Barcode | Date last seen | Price effective from | Koha item type |
|---|---|---|---|---|---|---|---|---|---|---|---|---|---|
| Military College of Engineering (MCE) | Military College of Engineering (MCE) | 09/09/2014 | 711.4 DHA | MCE-36397 | 09/09/2014 | 09/09/2014 | Book |
